000 00836nam a2200229Ia 4500
003 GCL
008 140319s9999 xx 000 0 ara d
040 _aGCL /
_cGCL
082 0 4 _a346.07
_bس م
100 1 _aسعيد يحيى
245 1 0 _aمسئولية الناقل البحرى : وفقا لاتفاقية الامم المتحدة لنقل البضائع بالبحر لعام 1978 قواعد هامبرج /
_cسعيد يحيى
260 _a[S.N] :
_bمنشاة المعارف الاسلامية ،
_c1986
300 _a85 ص
490 _aالكتب القانونية
_v0
650 0 4 _aالقانون
650 0 4 _aالقانون الدولى
650 0 4 _aالقانون البحرى
650 0 4 _aالقانون التجارى
650 0 4 _aالشحن
650 0 4 _aالسفن التجارية
942 _2ddc
_cBK
999 _c32801
_d32801